Proceedings of the seminar on chemistry and fertility of Malaysian soils Malaysia, 10th Sep 1979 (Record no. 38919)

MARC details
000 -LEADER
fixed length control field 00417nam a2200121Ia 4500
082 ## - DEWEY DECIMAL CLASSIFICATION NUMBER
Classification number 631.452:061.3(595)
Item number OTH
245 #0 - TITLE STATEMENT
Title Proceedings of the seminar on chemistry and fertility of Malaysian soils Malaysia, 10th Sep 1979
260 ## - PUBLICATION, DISTRIBUTION, ETC. (IMPRINT)
Place of publication Kuala Lumpur
Name of publisher Malaysian Society of Soil science
Year of publication 1980
700 ## - ADDED ENTRY--PERSONAL NAME
Personal name Othman, Yaacob
700 ## - ADDED ENTRY--PERSONAL NAME
Personal name Sharifuddin, H A H
942 ## - ADDED ENTRY ELEMENTS (KOHA)
Koha item type Books
Holdings
Withdrawn status Lost status Damaged status Not for loan Home library Current library Date acquired Cost, normal purchase price Full call number Accession Number Koha item type
        RRII Library RRII Library 16/12/2021 16.00 631.452:061.3(595) OTH 19270 Books